Historia de las doctrinas políticas
Guardat en:
| Autor principal: | |
|---|---|
| Format: | Llibre |
| Idioma: | espanyol |
| Publicat: |
Madrid
Aguilar
1958
|
| Edició: | 3a. ed |
| Col·lecció: | Biblioteca de Ciencias Sociales. Sección Tercera Política
|
| Matèries: | |
| Etiquetes: |
Afegir etiqueta
Sense etiquetes, Sigues el primer a etiquetar aquest registre!
|
MARC
| LEADER | 00000nam a2200000 a 4500 | ||
|---|---|---|---|
| 001 | UCV0965 | ||
| 003 | CL-VaPUC | ||
| 008 | 890809e19580000SP |||||||||||||||||spa|d | ||
| 082 | 0 | 4 | |a 320.9 |b BEN |2 21 |
| 100 | 0 | |a Beneyto Pérez, Juan |e author |9 295274 | |
| 245 | 1 | 0 | |a Historia de las doctrinas políticas |
| 250 | |a 3a. ed | ||
| 300 | |a 472 p | ||
| 942 | |c BK | ||
| 945 | |d 19890809 00:00:00 | ||
| 260 | |a Madrid |b Aguilar |c 1958 | ||
| 650 | 7 | |a DOCTRINAS POLITICAS HISTORIA |2 CL-VaPUC |9 255809 | |
| 583 | |a last modification |c 20170425 11:03:43 |k Rodrigo Vera | ||
| 490 | 0 | |a Biblioteca de Ciencias Sociales. Sección Tercera Política | |
| 999 | |c 209110 |d 209108 | ||
| 952 | |0 0 |1 0 |4 0 |6 320_900000000000000_BEN_1958 |7 0 |8 A |9 184291 |a BIBDER |b BIBDER |d 2019-11-14 |i 2514699 |o 320.9 BEN 1958 |p 2514699 |r 2023-01-25 |w 2019-11-14 |y BK |k DER | ||